Представление документа в формате RUSMARC

ПолеНазваниеЗначение
  Тип записи a
  Библиографический уровень a
001 Контрольный номер RU/CBS_UL/BASE/f56c3fc2f8ef468e9fdc1e614681b8d9
005 Дата корректировки 20260411173454.7
100 Данные общей обработки __
a Данные общей обработки 20260411 ||| 0rusy0189 ca
101 Язык документа 0_
a Язык текста rus
102 Страна публикации __
a Страна публикации RU
200 Заглавие и сведения об ответственности 1_
a Заглавие Сводки с литературного фронта
e Сведения, относящиеся к заглавию [беседа с писателем З. Прилепиным о том, на каком языке говорят во вражеских окопах и кто наши друзья]
f Первые сведения об ответственности Д. Тарабукин
g Последующие сведения об ответственности фот. С. Поляков
300 Общие примечания __
a Общие примечания 16+
461 Уровень набора _0
1 2000
a Аргументы и факты
463 Уровень физической единицы _0
1 2000
a № 13 (1-7 апр.)
v С. 4 : фот.
1 2101
d 2026
1 001RU/CBS_UL/BASE/8a60833d87fa4c2bb4b8641ba00e153e
600 Персоналии _1
a Персоналии (Фамилия) Прилепин
b Персоналии (Имя, инициалы) З.Н
606 Тематические рубрики 0_
a Основная рубрика Прилепин, Захар (1975) - Общественно-политические взгляды - Интервью
610 Ключевые слова 0_
a Ключевые слова писатели, писатели российские, деятели российские политические, деятели общественные, военные деятели, писатели, публицисты, политические взгляды
686 Индексы других классификаций __
2 Код системы rubbk
a Классификационный индекс 83.3(2Рос=Рус)6
700 Автор _1
a Фамилия Тарабукин
b Имя (инициалы) Д.
801 Источник записи _0
a Страна RU
b Организация МБУК ЦБС г. Ульяновска
c Дата составления 20260411
g Правила каталогизации RCR
801 Источник записи _1
a Страна RU
b Организация МБУК ЦБС г. Ульяновска
c Дата составления 20260411
g Правила каталогизации RCR
901 Тип документа __
t Тип документа f
w Контрольный № источника RU/CBS_UL/BASE/8a60833d87fa4c2bb4b8641ba00e153e
909 Создатель записи __
a Создатель записи lib1